Normal view
MARC view
- شخصية-سيكولوجية-علم نفس تربوي
Entry Topical Term
001 - CONTROL NUMBER
- control field: 22807
003 - CONTROL NUMBER IDENTIFIER
- control field: JO-AjAnu
005 - DATE AND TIME OF LATEST TRANSACTION
- control field: 20230606073930.0
008 - FIXED-LENGTH DATA ELEMENTS
- fixed length control field: 230606|| aca||aabn | a|a d
040 ## - CATALOGING SOURCE
- Original cataloging agency: JO-AjAnu
- Transcribing agency: JO-AjAnu
150 ## - HEADING--TOPICAL TERM
- Topical term or geographic name entry element: شخصية-سيكولوجية-علم نفس تربوي
670 ## - SOURCE DATA FOUND
- Source citation: Work cat.: (JO-AjAnu)11722: مورتنس،دونالد.ج ، شمولر،ألن.م ، لجنة التعريب والترجمة/اعداد وترجمة, author 22806, الشخصية:نموها وطرق توجيهها في المدرسة